Ökonomik Lehrbuch für das Grundlagenfach Betribsökonomik

Enregistré dans:
Détails bibliographiques
Format: Livre
Langue:allemand
Publié: Berlin Wirtschaft 1987
Édition:2. überarb. Aufl.
Tags: Ajouter un tag
Pas de tags, Soyez le premier à ajouter un tag!

MARC

LEADER 00000nam a2200000 4500
001 c024400
005 20221219111602.1
041 0 |a ger 
044 |a DE 
245 1 0 |a Ökonomik  |b Lehrbuch für das Grundlagenfach Betribsökonomik 
250 |a 2. überarb. Aufl. 
264 1 |a Berlin  |b Wirtschaft  |c 1987 
300 |a 128 s.